Thiết kế bài giảng tiếng Anh 6 Quyển 2

Đã lưu trong:
書目詳細資料
主要作者: Nguyễn, Minh Hoài
其他作者: Phạm, Thị Hoà Anh
格式: 圖書
語言:Undetermined
出版: H. Giáo dục 2003
主題:
在線閱讀:http://lrc.tdmu.edu.vn/opac/search/detail.asp?aID=2&ID=4784
標簽: 添加標簽
沒有標簽, 成為第一個標記此記錄!
Thư viện lưu trữ: Trung tâm Học liệu Trường Đại học Thủ Dầu Một
LEADER 00712nam a2200217Ia 4500
001 TDMU_4784
008 210410s9999 xx 000 0 und d
082 |a 420.72 
090 |b NG525 
100 |a Nguyễn, Minh Hoài 
245 0 |a Thiết kế bài giảng tiếng Anh 6 
245 0 |c Nguyễn Minh Hoài 
245 0 |n Quyển 2 
260 |a H. 
260 |b Giáo dục 
260 |c 2003 
300 |a 207tr 
650 |a Tiếng Anh  |x Dạy và học; Sách lớp 6  |v Thiết kế bài giảng 
700 |a Phạm, Thị Hoà Anh 
856 |u http://lrc.tdmu.edu.vn/opac/search/detail.asp?aID=2&ID=4784 
980 |a Trung tâm Học liệu Trường Đại học Thủ Dầu Một